Aplikácia čipovej karty - v zdravotníctve

Podrobná bibliografia
Hlavný autor: Hrášková, Dagmar (Autor)
Médium: Článok
Jazyk:slovenčina
ISSN:1337-0448
Predmet:

MARC

LEADER 00000nab a2200000 ar4500
001 vtls010121957
003 SK-MaSNL
005 20260303081530.0
008 100810c2010 xo |||||||||||000 b|slo
015 |a SNBRB2010/08  |2 snkbucl 
038 |a SNKBUCL 
040 |a SNKBUCL  |b slo  |c SNKBUCL  |e AACR2 
041 0 |a slo 
044 |a xo  |c SK 
080 |a 004.087.4  |2 2001 
080 |a 614.2  |2 2001 
100 1 |a Hrášková, Dagmar  |4 aut  |9 75910 
245 1 0 |a Aplikácia čipovej karty - v zdravotníctve  |c Dagmar Hrášková 
650 0 7 |a zdravotníctvo  |2 snkbucl  |9 1269 
650 0 7 |a informatizácia  |2 snkbucl  |9 18583 
650 0 7 |a čipové karty  |2 snkbucl  |9 962 
650 0 7 |a využívanie  |2 snkbucl  |9 458995 
773 0 |t Verejná správa : školy, úrady, obce, kultúra, zdravotníctvo, rozpočtové, príspevkové, neziskové organizácie  |g Č. 7-8 (2010), s. 124-128  |x 1337-0448 
852 |a SNK  |b KIS3GCP 
958 |a SK 
999 |c 1785054  |d 1786984